00436nam a2200157Ia 4500008004100000040001900041041001200060082001900072100002700091245006300118260002400181300001900205650002200224651001400246850001800260131103s9999 xx 000 0 und d aLoreto College aEnglish a922/OZAbLCLIB aSchimberg, Albert Paul 4aThe great friendbFrederick Ozanam cAlbert Paul Schimberg aLondonbBrucec1946 a344p. c 22cm. aOzanam, Frederick aBiography aLCLIB/922/OZA